| 000 | 00383nam a22001697a 4500 | ||
|---|---|---|---|
| 003 | SGT | ||
| 020 | _a9789354652547 | ||
| 082 |
_a612.015 _bC22M |
||
| 100 | _aMAHESHWARI, NANDA | ||
| 245 | _aCLINICAL BIOCHEMISTRY | ||
| 250 | _a3RD | ||
| 260 |
_aINDIA _bJAYPEE PUB _c2022 |
||
| 300 | _a658 | ||
| 650 | _aBIOCHEMISTRY | ||
| 653 | _aCLINICAL BIOCHEMISTRY | ||
| 942 |
_2ddc _cBK _09 |
||
| 999 |
_c25302 _d25302 |
||